000 00376nam a2200157Ia 4500
008 210210b1987 xxu||||| |||| 00| 0 eng d
082 _a820.33 ANAR
100 _aANAND (Mulk Raj)
245 _aRoad, The
260 _aN D
_bSterling publishers pvt ltd.
_c1987
300 _avi,95
650 _aThe
650 _aRoad,
690 _aIndian English Fiction
906 _a040585
999 _c90661
_d90661